000 00944nam a22002537a 4500
005 20120417124115.0
008 120417t xxu||||| |||| 00| 0 eng d
010 _aENG-105011
020 _a9789381075111
_c160.00
035 _aEN-88544
037 _bDBAD/PUB
040 _aDPL
_bEng
082 _a001.640321
100 _aLakkadwala, Prashant
_945189
245 _aBasic computer engineering /
_cby Prashant Lakkadwala [and] Swati Lakkadwala
260 _aHyderabad
_bBS Publications
_c2011
270 _a4-4-309, Giriraj Lane, Sultan Bazar
_bHyderabad
_e500095
300 _a277p. :
_bill.
_c24cm(pbk)
650 _aInformation science
_945203
650 _aComputer science
_945204
700 _aLakkadwala, Swati
_945195
942 _2ddc
_cEN
_h001.640321
_mLAK
999 _c65114
_d65114